An evaluation of the state of readiness for the implementation of ISO9000/2000 within the UK construction industry (Record no. 64016)

MARC details
000 -LEADER
fixed length control field 00972cam a2200229 4500
001 - CONTROL NUMBER
control field ABS62539
008 - FIXED-LENGTH DATA ELEMENTS--GENERAL INFORMATION
fixed length control field 000000n2000 000 0 eng u
035 ## - SYSTEM CONTROL NUMBER
System control number (Sirsi) u107049
100 ## - MAIN ENTRY--PERSONAL NAME
Personal name Watson, P.
245 #3 - TITLE STATEMENT
Title An evaluation of the state of readiness for the implementation of ISO9000/2000 within the UK construction industry
260 ## - PUBLICATION, DISTRIBUTION, ETC.
Date of publication, distribution, etc. 2000
490 ## - SERIES STATEMENT
Series statement Building Engineer
Volume/sequential designation 75(7) July 2000, 15-17(3)
520 ## - SUMMARY, ETC.
Summary, etc. Paper discusses the findings of a postal questionnaire testing construction companies knowledge of the new ISO 9000/2000 series due for issue in November 2000. Concludes that although most companies are aware of the new standard, only a few businesses are taking a proactive approach regarding the implementation process. Graphs.
590 ## - LOCAL NOTE (RLIN)
Local note ABS
650 ## - SUBJECT ADDED ENTRY--TOPICAL TERM
Topical term or geographic name entry element ISO 9000
650 ## - SUBJECT ADDED ENTRY--TOPICAL TERM
Topical term or geographic name entry element CONSTRUCTION INDUSTRY
650 ## - SUBJECT ADDED ENTRY--TOPICAL TERM
Topical term or geographic name entry element ISO STANDARDS
650 ## - SUBJECT ADDED ENTRY--TOPICAL TERM
Topical term or geographic name entry element IMPLEMENTATION
690 ## - LOCAL SUBJECT ADDED ENTRY--TOPICAL TERM (OCLC, RLIN)
Topical term or geographic name as entry element QUALITY ASSURANCE
700 ## - ADDED ENTRY--PERSONAL NAME
Personal name Bosworth, J.
942 ## - ADDED ENTRY ELEMENTS (KOHA)
Suppress in OPAC 0
Holdings
Withdrawn status Lost status Source of classification or shelving scheme Damaged status Not for loan Home library Current library Shelving location Date acquired Total Checkouts Full call number Barcode Date last seen Copy number Price effective from Koha item type
    Dewey Decimal Classification     London London Journal article 10/07/2000   ABS62539 107049-1001 06/08/2019 1 06/08/2019 Journal article